Statystyki dla asystenci przy bramkach Polski w el. MŚ 2018

Kliknij tutaj aby rozwiązać quiz!

Ogólne statystyki

  • Ten quiz został rozwiązany 104 razy
  • Średni wynik to 5 z 8

Statystyki odpowiedzi

asystypiłkarz% Poprawnych
2Lewandowski
100%
3Grosicki
94%
2Błaszczykowski
90%
3Zieliński
90%
2Piszczek
76%
1Jędrzejczyk
27%
1Teodorczyk
22%
1Makuszewski
13%

Rozkład punktacji

Percentyl według liczby udzielonych odpowiedzi

Procent ludzi z każdym wynikiem

Twoja historia wyników

Nie rozwiązałeś tego quizu